The Top 10 Most Accurate QBs Ever - Statistics

General Stats
  • This quiz has been taken 12 times
  • The average score is 7 of 10
Answer Stats
# Quarterback % Correct
2 Joe Montana
100%
4 Peyton Manning
100%
1 Tom Brady
100%
6 Dan Marino
91%
8 Aaron Rodgers
82%
5 Brett Favre
64%
7 John Elway
45%
3 Johnny Unitas
45%
9 Roger Staubach
45%
10 Otto Graham
18%
No matching quizzes found
Score Distribution
Percent of People with Each Score
Percentile by Number Answered
Your Score History
You have not taken this quiz